Central Library, Doon University
WEBOPAC (ONLINE PUBLIC ACCESS CATALOGUE)

Biomedical instrumentation and measurements (Record no. 59501)

MARC details
000 -LEADER
fixed length control field 00572nam a22002177a 4500
005 - DATE & TIME
control field 20250320151342.0
008 - FIXED-LENGTH DATA ELEMENTS--GENERAL INFORMATION
fixed length control field 250320b |||||||| |||| 00| 0 eng d
020 ## - ISBN
International Standard Book Number 9789332556911
Price 705.00
040 ## - CATALOGING SOURCE
Original cataloging agency Doon University
041 ## - Language
Language English
082 ## - DDC NUMBER
Classification number 610.28
Book Number CRO
100 ## - MAIN ENTRY--PERSONAL NAME
Personal name Cromwell, Leslie
245 ## - TITLE STATEMENT
Title Biomedical instrumentation and measurements
250 ## - EDITION STATEMENT
Edition statement 2nd
260 ## - PUBLICATION, DISTRIBUTION, ETC. (IMPRINT)
Place of publication, distribution, etc New Delhi
Name of publisher, distributor, etc Pearson
Date of publication, distribution, etc 2024
300 ## - PHYSICAL DESCRIPTION
Pages 510
650 ## - Subject
Subject Biological Science
700 ## - Added Entry Personal Name
Added Entry Personal Name Weibell, Fred J.
700 ## - Added Entry Personal Name
Added Entry Personal Name Pfeiffer, Erich A.
942 ## - ADDED ENTRY ELEMENTS (KOHA)
Koha item type Books
100 ## - MAIN ENTRY--PERSONAL NAME
-- 25395
650 ## - Subject
-- 14046
700 ## - Added Entry Personal Name
-- 25396
700 ## - Added Entry Personal Name
-- 25397
952 ## - LOCATION AND ITEM INFORMATION (KOHA)
-- 2025-03-20
Holdings
Withdrawn status Lost status Source of classification or shelving scheme Damaged status Not for loan Location (home branch) Sublocation or collection (holding branch) Date acquired Koha issues (times borrowed) Koha full call number Accession No. Koha date last seen Koha item type
          Doon University Doon University 20.03.2025   610.28 CRO 50421 20.03.2025 Books
Contact : +91-135-2533126 (Library),+91-135-2533105 (Admin Office) , Email : doonlibrary@gmail.com

Powered by Koha